|
|
|
|
| LEADER |
00000naa2a2200000 4500 |
| 001 |
574894 |
| 005 |
20260204095107.0 |
| 035 |
|
|
|a (RuTPU)RU\TPU\prd\273609
|
| 035 |
|
|
|a RU\TPU\prd\272366
|
| 090 |
|
|
|a 574894
|
| 100 |
|
|
|a 20170912d2009 k||y0rusy50 ca
|
| 101 |
0 |
|
|a rus
|
| 102 |
|
|
|a RU
|
| 200 |
1 |
|
|a Роль мелкодисперсных выделений карбида ванадия в повышении износостойкости покрытий из хромистого чугуна
|f В. Г. Дураков, Б. В. Дампилон, С. Ф. Гнюсов
|
| 330 |
|
|
|a Исследовано влияние ванадия на структуру и свойства покрытий из белого хромистого чугуна, полученных методом электронно-лучевой наплавки в вакууме. Ванадий, введенный в наплавочный порошковый материал (до 6 вес. %) в процессе наплавки, входит в состав сложного карбида типа М7С3. Термическая обработка покрытий (отжиг при 1100 оС) позволяет сформировать бимодальное распределение упрочняющих частиц в матрице, состоящих из крупных карбидов (Cr,Fe)7С3 и мелкодисперсных карбидов V2C и VC. Это значительно повышает микротвердость и абразивную износостойкость покрытий.
|
| 461 |
|
0 |
|0 (RuTPU)RU\TPU\prd\41979
|x 1813-1336
|t Упрочняющие технологии и покрытия
|o ежемесячный научно-технический и производственный журнал
|d 2006-
|
| 463 |
|
0 |
|0 (RuTPU)RU\TPU\prd\69705
|t № 5
|v С. 10-14
|d 2009
|
| 610 |
1 |
|
|a труды учёных ТПУ
|
| 610 |
1 |
|
|a хромистый чугун
|
| 610 |
1 |
|
|a электронно-лучевая наплавка
|
| 610 |
1 |
|
|a карбид ванадия
|
| 700 |
|
1 |
|a Дураков
|b В. Г.
|
| 701 |
|
1 |
|a Дампилон
|b Б. В.
|c специалист в области материаловедения
|c доцент Томского политехнического университета, кандидат технических наук
|f 1977-
|g Баир Вячеславович
|3 (RuTPU)RU\TPU\pers\28241
|
| 701 |
|
1 |
|a Гнюсов
|b С. Ф.
|c специалист в области машиностроения
|c профессор Томского политехнического университета, доктор технических наук
|f 1960-
|g Сергей Фёдорович
|3 (RuTPU)RU\TPU\pers\26508
|
| 801 |
|
1 |
|a RU
|b 63413507
|c 20141204
|
| 801 |
|
2 |
|a RU
|b 63413507
|c 20170912
|g RCR
|
| 942 |
|
|
|c BK
|